Financial & Managerial Accounting: The Basis for Business Decisions, (Record no. 5526)

MARC details
005 - DATE AND TIME OF LATEST TRANSACTION
control field 20250627073148.0
020 ## - INTERNATIONAL STANDARD BOOK NUMBER
International Standard Book Number 0-08-239688-1
082 ## - DEWEY DECIMAL CLASSIFICATION NUMBER
Classification number 657FIN
111 ## - MAIN ENTRY--MEETING NAME
Meeting name or jurisdiction name as entry element Financial & Managerial Accounting: The Basis for Business Decisions,
245 ## - TITLE STATEMENT
Title Financial & Managerial Accounting: The Basis for Business Decisions,
250 ## - EDITION STATEMENT
Edition statement 10th Ed.
260 ## - PUBLICATION, DISTRIBUTION, ETC.
Place of publication, distribution, etc. New York,
Name of publisher, distributor, etc. McGraw- Hill,
Date of publication, distribution, etc. 2004.
300 ## - PHYSICAL DESCRIPTION
Extent xxx, 1135p,: ill.; figure,
Other physical details Index
Dimensions 28cm
700 ## - ADDED ENTRY--PERSONAL NAME
Other authors/Editors WILLIAMS, J. R.
942 ## - ADDED ENTRY ELEMENTS (KOHA)
Source of classification or shelving scheme Dewey Decimal Classification
Koha item type Books
Holdings
Date last seen Total checkouts Full call number Barcode Cost, replacement price Price effective from Koha item type Lost status Source of classification or shelving scheme Damaged status Not for loan Withdrawn status Home library Current library Shelving location Date acquired Cost, normal purchase price
06/27/2025   657FIN DOM0001900 150000.00 06/27/2025 Books   Dewey Decimal Classification       CBE Dodoma CBE Dodoma General Collection 04/25/2005 50000.00
06/27/2025   657FIN DOM0001901 150000.00 06/27/2025 Books   Dewey Decimal Classification       CBE Dodoma CBE Dodoma General Collection 04/25/2005 50000.00
06/27/2025   657FIN DOM0001902 150000.00 06/27/2025 Books   Dewey Decimal Classification       CBE Dodoma CBE Dodoma General Collection 04/25/2005 50000.00
06/27/2025   657FIN DOM0001903 150000.00 06/27/2025 Books   Dewey Decimal Classification       CBE Dodoma CBE Dodoma General Collection 04/25/2005 50000.00
06/27/2025   657FIN DOM0001904 150000.00 06/27/2025 Books   Dewey Decimal Classification       CBE Dodoma CBE Dodoma General Collection 04/25/2005 50000.00